[Event "34th Chess Olympiad (women)"]
[Site "Istanbul"]
[Date "2000.10.30"]
[Round "3.1.2"]
[White "Bojkovic, Natasa"]
[Black "Xu, Yuhua"]
[WhiteElo "2429"]
[BlackElo "2505"]
[WhiteCountry "YUG"]
[BlackCountry "CHN"]
[Result "1/2-1/2"]

1. e4 c5 2. Nc3 d6 3. f4 Nc6 4. Bb5 Bd7 5. Nf3 e6 6. O-O Be7 7. Qe1 Qb6 
8. a4 a6 9. Bxc6 Bxc6 10. a5 Qc7 11. Qg3 g6 12. d3 Nf6 13. Bd2 Nh5 14. Qh3 f5 
15. Rae1 O-O 16. d4 Ng7 17. d5 fxe4 18. dxc6 exf3 19. cxb7 fxg2 
20. bxa8Q gxf1Q+ 21. Kxf1 Rxa8 22. Rxe6 Qc8 23. Re3 Nf5 24. Re4 Bh4 25. Qd3 Ra7 
26. Qd5+ Rf7 27. Ne2 Nh6 28. Qe6 Qb7 29. Qe8+ Rf8 30. Qe6+ Rf7 31. Qe8+ Rf8 
32. Qe6+ Rf7 33. Qe8+ Rf8 
1/2-1/2

[Event "34th Chess Olympiad (women)"]
[Site "Istanbul"]
[Date "2000.10.30"]
[Round "3.1.3"]
[White "Wang, Lei"]
[Black "Prudnikova, Svetlana"]
[WhiteElo "2498"]
[BlackElo "2425"]
[WhiteCountry "CHN"]
[BlackCountry "YUG"]
[Result "1-0"]

1. d4 Nf6 2. c4 e6 3. Nc3 Bb4 4. Qc2 O-O 5. a3 Bxc3+ 6. Qxc3 b6 7. Nf3 Ne4 
8. Qc2 Bb7 9. e3 f5 10. Bd3 d6 11. O-O Qe7 12. Nd2 Nxd2 13. Bxd2 Nd7 14. f3 a5 
15. b4 axb4 16. axb4 c5 17. bxc5 bxc5 18. Rfb1 Rxa1 19. Rxa1 Ra8 20. Rxa8+ Bxa8 
21. Qa4 Qd8 22. Bc3 g6 23. Qa6 Qb8 24. Bc2 Bb7 25. Qb5 Qc8 26. Ba4 Nf8 
27. Qb6 Qa8 28. Qa5 Qxa5 29. Bxa5 d5 30. dxc5 dxc4 31. Bb5 g5 32. Kf2 Kf7 
33. c6 Bc8 34. f4 gxf4 35. exf4 Ng6 36. Ke3 Ne7 37. Kd4 e5+ 38. fxe5 Ba6 
39. Kc5 Bxb5 40. Kxb5 Ke6 41. Bc3 Nd5 42. Kxc4 Ne3+ 43. Kb5 Nxg2 44. Ka6 
1-0

[Event "34th Chess Olympiad (women)"]
[Site "Istanbul"]
[Date "2000.10.30"]
[Round "3.2.1"]
[White "Galliamova, Alisa"]
[Black "Hunt, Harriet"]
[WhiteElo "2526"]
[BlackElo "2454"]
[WhiteCountry "RUS"]
[BlackCountry "ENG"]
[Result "1-0"]

1. e4 c5 2. Nf3 d6 3. d4 cxd4 4. Nxd4 Nf6 5. Nc3 a6 6. Be3 e5 7. Nb3 Be6 
8. f3 Be7 9. Qd2 h5 10. Be2 Nbd7 11. Nd5 Nxd5 12. exd5 Bf5 13. O-O a5 14. f4 a4 
15. fxe5 axb3 16. Rxf5 bxa2 17. e6 Nf6 18. exf7+ Kxf7 19. Bd4 Qc8 20. Bd3 Rf8 
21. Qe2 Rh8 22. b3 Qd7 23. c3 Ra3 24. Rxa2 Rha8 25. Qxh5+ Kg8 26. Rxf6 
1-0

[Event "34th Chess Olympiad (women)"]
[Site "Istanbul"]
[Date "2000.10.30"]
[Round "3.2.2"]
[White "Lalic, Susan"]
[Black "Kovalevskaya, Ekaterina"]
[WhiteElo "2315"]
[BlackElo "2475"]
[WhiteCountry "ENG"]
[BlackCountry "RUS"]
[Result "1/2-1/2"]

1. e4 c5 2. Nc3 a6 3. g3 b5 4. Bg2 Bb7 5. d3 e6 6. Nf3 d6 7. O-O Nf6 8. Qe2 Nc6 
9. Nd1 Be7 10. c3 Qb6 11. Ne1 O-O 12. Kh1 d5 13. e5 Nd7 14. f4 Rae8 15. Nf2 f6 
16. exf6 Bxf6 17. Ng4 d4 18. Nf3 Bd8 19. cxd4 Nxd4 20. Nxd4 cxd4 21. Bd2 a5 
22. Rac1 b4 23. Bxb7 Qxb7+ 24. Qg2 Qxg2+ 25. Kxg2 e5 26. Nxe5 Nxe5 
27. fxe5 Rxe5 28. Rxf8+ Kxf8 29. Kf3 g5 30. Rc4 Rf5+ 31. Ke2 Re5+ 32. Kf3 Rf5+ 
33. Ke2 Re5+ 34. Kf3 Rf5+ 
1/2-1/2

[Event "34th Chess Olympiad (women)"]
[Site "Istanbul"]
[Date "2000.10.30"]
[Round "3.2.3"]
[White "Stepovaia, Tatiana"]
[Black "Houska, Jovanka"]
[WhiteElo "2414"]
[BlackElo "2279"]
[WhiteCountry "RUS"]
[BlackCountry "ENG"]
[Result "1/2-1/2"]

1. e4 c6 2. d4 d5 3. Nd2 dxe4 4. Nxe4 Nd7 5. Bd3 Ngf6 6. Ng5 e6 7. N1f3 Bd6 
8. Qe2 h6 9. Ne4 Nxe4 10. Qxe4 Qc7 11. Bd2 c5 12. Qe2 Nf6 13. O-O-O Bd7 
14. dxc5 Qxc5 15. Be3 Qa5 16. Bc4 Be7 17. Bd4 Bc6 18. Ne5 Bd5 19. Bc3 Bxc4 
20. Qxc4 Qc5 21. Qa4+ b5 22. Qa6 Rc8 23. Nd3 Qc6 24. Qxc6+ Rxc6 25. Ne5 Rc8 
26. Rhe1 Nd5 27. Bd4 a6 28. Kb1 O-O 29. Ng4 Rfd8 30. Ne3 Rc7 31. c3 Rcd7 
32. Nxd5 Rxd5 33. Kc2 Kf8 34. Rd3 h5 35. Red1 g5 36. Be3 Rxd3 37. Rxd3 f5 
38. Bb6 Rd6 39. Bc7 Rxd3 40. Kxd3 Bc5 41. f3 Ke7 42. h3 Bd6 43. Bb6 e5 
44. b3 Ke6 45. c4 bxc4+ 46. bxc4 Be7 47. Ke3 h4 48. Kd3 Kd6 49. Be3 Bf6 
50. Kc2 Bd8 51. Kd3 
1/2-1/2

[Event "34th Chess Olympiad (women)"]
[Site "Istanbul"]
[Date "2000.10.30"]
[Round "3.3.1"]
[White "Mazakova, Petra"]
[Black "Uskova, Fliura"]
[WhiteElo "2319"]
[BlackElo "2285"]
[WhiteCountry "CZE"]
[BlackCountry "KAZ"]
[Result "1/2-1/2"]

1. e4 c5 2. c3 d5 3. exd5 Qxd5 4. d4 g6 5. dxc5 Qxc5 6. Be3 Qa5 7. Nf3 Bg7 
8. Be2 Nf6 9. O-O Nc6 10. h3 O-O 11. Qb3 Rb8 12. Na3 Be6 13. Qb5 Qc7 
14. Nd4 Bd7 15. Qc4 a6 16. Nac2 b5 17. Qc5 Ne4 18. Qa3 Nxd4 19. Nxd4 Nd6 
20. Nf3 a5 21. Rac1 Rfe8 22. Rfd1 Nc4 23. Bxc4 bxc4 24. Rd5 a4 25. Rcd1 Bc6 
26. R5d2 Qb7 27. Ne1 Rec8 28. Bc5 Bf6 29. Re2 Re8 30. Be3 e5 31. Bc5 Rbd8 
1/2-1/2

[Event "34th Chess Olympiad (women)"]
[Site "Istanbul"]
[Date "2000.10.30"]
[Round "3.3.2"]
[White "Klink, Tamara"]
[Black "Ptacnikova, Lenka"]
[WhiteElo "2336"]
[BlackElo "2232"]
[WhiteCountry "KAZ"]
[BlackCountry "CZE"]
[Result "1-0"]

1. e4 c5 2. Nf3 Nc6 3. d4 cxd4 4. Nxd4 Qb6 5. Nb3 Nf6 6. Nc3 e6 7. Be3 Qc7 
8. Bd3 Be7 9. O-O O-O 10. f4 d6 11. g4 Re8 12. g5 Nd7 13. Rf3 g6 14. Rh3 Nb4 
15. Be2 a6 16. a3 Nc6 17. Qe1 Bf8 18. Qh4 h6 19. gxh6 Kh7 20. Rf1 b5 
21. Nd2 Be7 22. Qf2 b4 23. axb4 Nxb4 24. Bd3 Rb8 25. Nf3 Nxd3 26. cxd3 f6 
27. f5 g5 28. fxe6 Ne5 29. Nd5 Qb7 30. Nxe5 Bxe6 31. Ng4 Bxg4 32. Rg3 Be6 
33. Nxf6+ Bxf6 34. Qxf6 g4 35. Bd4 Re7 36. h3 Qd7 37. hxg4 Rf7 38. Qg5 Rxf1+ 
39. Kxf1 Rg8 40. Bg7 Qa4 41. Qf4 Rc8 42. Bc3 Qd1+ 43. Kg2 Qe2+ 44. Kh1 Qd1+ 
45. Kh2 Rg8 46. Qf6 Bb3 47. Qf5+ Rg6 48. Qd7+ 
1-0

[Event "34th Chess Olympiad (women)"]
[Site "Istanbul"]
[Date "2000.10.30"]
[Round "3.3.3"]
[White "Sikorova, Olga"]
[Black "Sergeeva, Maria"]
[WhiteElo "2203"]
[BlackElo "2277"]
[WhiteCountry "CZE"]
[BlackCountry "KAZ"]
[Result "1-0"]

1. e4 c5 2. Nf3 e6 3. b3 Nc6 4. Bb2 d5 5. exd5 exd5 6. Bb5 d4 7. O-O Be7 
8. Re1 Be6 9. Qe2 a6 10. Bxc6+ bxc6 11. c3 Bf6 12. cxd4 cxd4 13. Qe4 Ne7 
14. Bxd4 Nd5 15. Bxf6 Qxf6 16. Nd4 O-O 17. Nc3 Nxc3 18. dxc3 Bd5 19. Qe5 Qg6 
20. Qg3 c5 21. Qxg6 hxg6 22. Nc2 Be6 23. Re5 Rfc8 24. Ne3 a5 25. Nd5 Ra7 
26. f3 Kf8 27. c4 Ra6 28. Nc3 f6 29. Re3 Bf7 30. Rd1 Be8 31. a4 g5 32. Rd5 Bf7 
33. Rd7 Be8 34. Rd5 Bf7 35. Rd7 Be8 36. Rde7 Raa8 37. Nd5 Rab8 38. Ra7 Bc6 
39. Ne7 Re8 40. Nxc6 
1-0

[Event "34th Chess Olympiad (women)"]
[Site "Istanbul"]
[Date "2000.10.30"]
[Round "3.4.1"]
[White "Baginskaite, Camilla"]
[Black "Hoang, Thanh"]
[WhiteElo "2287"]
[BlackElo "2489"]
[WhiteCountry "USA"]
[BlackCountry "VIE"]
[Result "1/2-1/2"]

1. Nf3 f5 2. b4 Nf6 3. Bb2 e6 4. b5 Be7 5. e3 O-O 6. Be2 c5 7. O-O d5 
8. c4 Nbd7 9. a4 Ne4 10. d3 Nd6 11. cxd5 exd5 12. Qb3 Nf6 
1/2-1/2

[Event "34th Chess Olympiad (women)"]
[Site "Istanbul"]
[Date "2000.10.30"]
[Round "3.4.2"]
[White "Le, Kieu Thien Kim"]
[Black "Hahn, Anna"]
[WhiteElo "2331"]
[BlackElo "2257"]
[WhiteCountry "VIE"]
[BlackCountry "USA"]
[Result "1/2-1/2"]

1. d4 g6 2. Nf3 Bg7 3. Bf4 Nf6 4. e3 d6 5. h3 c5 6. c3 cxd4 7. exd4 O-O 
8. Nbd2 Be6 9. Bd3 Qb6 10. Qc1 Nc6 11. O-O Rac8 12. Re1 Rfe8 13. Qb1 Bd5 
14. a4 Na5 15. Bb5 Nc6 16. c4 Bxf3 17. Nxf3 a6 18. a5 Qd8 19. Ba4 Nd7 
20. Be3 e5 21. dxe5 dxe5 22. Nd2 Nd4 23. Ne4 Re6 24. Qa2 Nc5 25. Nxc5 Rxc5 
26. b4 Rc8 27. Rad1 Qe7 28. c5 Bf6 29. Bxd4 exd4 30. Rxe6 Qxe6 31. Qxe6 fxe6 
32. Bd7 Rd8 33. Bxe6+ Kf8 34. Bc4 d3 35. Rxd3 Rxd3 36. Bxd3 Bc3 37. Bxa6 Bxb4 
38. Bxb7 Bxa5 39. Kf1 Ke7 40. Be4 Kf6 41. Ke2 Ke5 42. Ke3 g5 43. Bxh7 Kd5 
44. f4 gxf4+ 45. Kxf4 Kxc5 46. Kf5 Kd6 47. g4 Ke7 48. Kg6 Be1 49. Bg8 Kf8 
50. Bb3 Bh4 51. Kh5 Bd8 52. h4 Kg7 53. g5 Ba5 54. Kg4 Bd2 55. Kf5 Bc1 
1/2-1/2

[Event "34th Chess Olympiad (women)"]
[Site "Istanbul"]
[Date "2000.10.30"]
[Round "3.4.3"]
[White "Shahade, Jennifer"]
[Black "Nguyen, Thi"]
[WhiteElo "2238"]
[BlackElo "2281"]
[WhiteCountry "USA"]
[BlackCountry "VIE"]
[Result "0-1"]

1. e4 c5 2. Nf3 Nc6 3. d4 cxd4 4. Nxd4 g6 5. Nc3 Bg7 6. Be3 Nf6 7. Bc4 Qa5 
8. Nb3 Qb4 9. Nd2 Qxb2 10. Nb5 Qe5 11. f4 Qb8 12. e5 Nxe5 13. fxe5 Qxe5 
14. Kf2 O-O 15. Qf3 d5 16. Bf4 Qf5 17. Bd3 Qd7 18. h3 Nh5 19. Rae1 Nxf4 
20. Qxf4 a6 21. Na3 e5 22. Qb4 e4 23. Be2 Qc7 24. Rd1 Bc3 25. Qb3 Qf4+ 
26. Ke1 Qg3+ 27. Kf1 e3 28. Kg1 Qf2+ 
0-1

[Event "34th Chess Olympiad (women)"]
[Site "Istanbul"]
[Date "2000.10.30"]
[Round "3.5.1"]
[White "Velcheva, Maria"]
[Black "Peng, Zhaoqin"]
[WhiteElo "2302"]
[BlackElo "2403"]
[WhiteCountry "BUL"]
[BlackCountry "NED"]
[Result "0-1"]

1. e4 e6 2. d4 d5 3. Nc3 Nf6 4. e5 Nfd7 5. Nce2 c5 6. c3 cxd4 7. cxd4 f6 
8. Nf4 Bb4+ 9. Bd2 Bxd2+ 10. Qxd2 Qb6 11. exf6 Nxf6 12. Bd3 Nc6 13. Nf3 Ne4 
14. Bxe4 dxe4 15. Ne5 Nxe5 16. dxe5 O-O 17. O-O Qc5 18. Rfe1 Qxe5 19. Ne2 b6 
20. Nc3 Bb7 21. Qe2 Rad8 22. Nxe4 Bxe4 23. Qxe4 Qxe4 24. Rxe4 Rd2 25. f3 Rc8 
26. b4 Rcc2 27. Rg4 Rxa2 28. Rc1 Rac2 29. Ra1 Rc7 30. h3 h5 31. Rg5 Rd5 
32. Rxd5 exd5 33. Kf2 Kf7 34. Ke3 Ke6 35. Kd3 h4 36. Ra2 Kd6 37. Kd4 g5 
38. b5 Rf7 39. Ra1 Rc7 40. Ra2 Ke6 41. Re2+ Kf6 42. Ra2 Rc5 43. Rxa7 Rxb5 
44. Rb7 Rb2 45. Kxd5 Rxg2 46. f4 gxf4 47. Ke4 Rb2 48. Kxf4 Rb4+ 49. Ke3 Ke5 
50. Re7+ Kd6 51. Rh7 Rb3+ 52. Kd4 Rxh3 53. Rh6+ Kc7 54. Kd5 Kb7 55. Kc4 Ka6 
56. Kb4 Rh1 57. Rh5 h3 58. Kb3 b5 59. Rh6+ Kb7 60. Kb2 Kc7 61. Kc2 Kd7 
62. Rh5 Ke6 63. Kb2 b4 64. Ka2 Kf6 65. Rh4 Kg5 66. Rh8 Kg4 67. Rg8+ Kf3 
68. Rh8 Kg3 69. Rg8+ Kh2 70. Kb2 Rg1 71. Rd8 Kh1 72. Rd3 h2 73. Rd8 Kg2 
74. Rg8+ Kf3 
0-1

[Event "34th Chess Olympiad (women)"]
[Site "Istanbul"]
[Date "2000.10.30"]
[Round "3.5.3"]
[White "Djingarova, Emilia"]
[Black "Jap, Tjoen San Linda"]
[WhiteElo "2263"]
[BlackElo "2210"]
[WhiteCountry "BUL"]
[BlackCountry "NED"]
[Result "0-1"]

1. e4 c5 2. Nf3 Nc6 3. d4 cxd4 4. Nxd4 g6 5. Nc3 Bg7 6. Nde2 Nf6 7. g3 b5 
8. Bg2 Rb8 9. O-O O-O 10. Nd5 d6 11. Bg5 Nd7 12. c3 h6 13. Be3 Bb7 14. Qd2 Kh7 
15. h3 a5 16. Nd4 e6 17. Nxc6 Bxc6 18. Nf4 Nc5 19. f3 Nb7 20. Rad1 Qc7 
21. Qf2 Qe7 22. Ne2 Rfc8 23. Nd4 Bd7 24. f4 f5 25. exf5 gxf5 26. Rfe1 Qf7 
27. Qe2 Nc5 28. Bf2 b4 29. c4 b3 30. axb3 Nxb3 31. Nb5 Bxb5 32. cxb5 d5 
33. g4 Nc5 34. gxf5 Qxf5 35. Rf1 Ne4 36. b6 Nxf2 37. Qxf2 Rc2 38. Qe3 Rxb2 
39. Rf3 Qc2 40. Qd3+ Qxd3 41. Rfxd3 R8xb6 42. f5 exf5 43. Rxd5 Rg6 
44. R1d2 Rxd2 45. Rxd2 a4 46. Ra2 Ra6 47. Bf1 Ra5 48. Bc4 a3 49. Re2 Rc5 
50. Ba2 Bd4+ 51. Kg2 Kg6 52. Rd2 Be5 53. Rd5 Rc2+ 54. Kf3 Kf6 
0-1

[Event "34th Chess Olympiad (women)"]
[Site "Istanbul"]
[Date "2000.10.30"]
[Round "3.6.2"]
[White "Ioseliani, Nana"]
[Black "Alieva, Elmira"]
[WhiteElo "2476"]
[BlackElo "2240"]
[WhiteCountry "GEO"]
[BlackCountry "AZE"]
[Result "1-0"]

1. d4 f5 2. Nf3 Nf6 3. c4 g6 4. g3 Bg7 5. Bg2 O-O 6. O-O d6 7. Nc3 c6 8. b3 Qe8 
9. Re1 Ne4 10. Bb2 Na6 11. Qb1 Nxc3 12. Bxc3 Nc5 13. Nd2 Qf7 14. Qc2 Nd7 
15. e4 f4 16. Nf3 e5 17. d5 Nf6 18. dxc6 bxc6 19. c5 Bg4 20. cxd6 Bxf3 
21. Bxf3 fxg3 22. fxg3 Nd5 23. Bg4 Nxc3 24. Qxc3 h5 25. Rf1 Qb7 26. Be6+ Kh8 
27. d7 Rf6 28. Rxf6 Bxf6 29. Rc1 Rf8 30. Qc5 Kg7 31. a3 Qb8 32. Qxc6 Bd8 
33. Kg2 Rf6 34. Rf1 Qb6 35. Qxb6 Bxb6 36. Bd5 Rxf1 37. Kxf1 Kf6 38. Ke2 Ke7 
39. Kf3 Kf6 40. b4 g5 41. Bg8 Kg7 42. Be6 Kf6 43. Bf5 Ke7 44. Ke2 Kd6 
45. Kd3 Kc6 46. a4 Bd8 47. Bg6 h4 48. Bf5 hxg3 49. hxg3 Bc7 50. Kc4 a6 
51. a5 Bd8 52. Be6 Be7 53. g4 Bd8 54. Bd5+ Kxd7 55. Bb7 Kd6 56. Bxa6 Bc7 
57. Bb7 Bb8 58. b5 Bc7 59. b6 
1-0

[Event "34th Chess Olympiad (women)"]
[Site "Istanbul"]
[Date "2000.10.30"]
[Round "3.7.1"]
[White "Cmilyte, Viktorija"]
[Black "Zhukova, Natalia"]
[WhiteElo "2335"]
[BlackElo "2450"]
[WhiteCountry "LTU"]
[BlackCountry "UKR"]
[Result "1-0"]

1. e4 Nf6 2. e5 Nd5 3. d4 d6 4. Nf3 Bg4 5. Be2 c6 6. O-O Bxf3 7. Bxf3 dxe5 
8. dxe5 e6 9. Nd2 Nd7 10. Re1 Qb8 11. Nc4 b5 12. Nd6+ Bxd6 13. exd6 Qxd6 
14. b3 Qc5 15. c4 bxc4 16. bxc4 Qxc4 17. Ba3 N7f6 18. Rb1 Qa6 19. Qc1 Nd7 
20. Qb2 Rg8 21. Bxd5 Rb8 22. Bb3 
1-0

[Event "34th Chess Olympiad (women)"]
[Site "Istanbul"]
[Date "2000.10.30"]
[Round "3.7.2"]
[White "Zatonskih, Anna"]
[Black "Varniene, Rita"]
[WhiteElo "2446"]
[BlackElo "2190"]
[WhiteCountry "UKR"]
[BlackCountry "LTU"]
[Result "1-0"]

1. e4 e6 2. d4 d5 3. Nd2 b6 4. c3 Bb7 5. e5 c5 6. Bb5+ Nc6 7. Ne2 Qd7 
8. O-O O-O-O 9. Nf3 Kb8 10. dxc5 Bxc5 11. b4 Be7 12. a4 a6 13. Bd3 Qc7 
14. b5 axb5 15. axb5 Na5 16. Be3 Bc5 17. Ned4 h6 18. Nc6+ Nxc6 19. bxc6 Qxc6 
20. Nd4 Bxd4 21. Bxd4 Ne7 22. Qb3 Nc8 23. Rfb1 Rhf8 24. Ra4 f6 25. Rb4 Rf7 
26. Bxb6 Nxb6 27. Rxb6 Qc8 28. Ba6 Rdd7 29. exf6 gxf6 30. Rxe6 d4 31. cxd4 Rc7 
32. Rb6 Rc1+ 33. Bf1 Rxb1 34. Qxb1 Rc7 35. h3 Rc1 36. Rxb7+ Ka8 37. Rb8+ 
1-0

[Event "34th Chess Olympiad (women)"]
[Site "Istanbul"]
[Date "2000.10.30"]
[Round "3.7.3"]
[White "Domarkaite, Laima"]
[Black "Vasilevich, Tatjana"]
[WhiteElo "2187"]
[BlackElo "2429"]
[WhiteCountry "LTU"]
[BlackCountry "UKR"]
[Result "1/2-1/2"]

1. e4 Nf6 2. e5 Nd5 3. d4 d6 4. c4 Nb6 5. exd6 exd6 6. Nc3 Be7 7. h3 O-O 
8. Nf3 Nc6 9. b3 a5 10. Be3 Bf5 11. Be2 Nb4 12. O-O a4 13. Ne1 axb3 
14. Qxb3 Nc6 15. Nd5 Nxd5 16. cxd5 Na5 17. Qc3 Qd7 18. Bd3 Rfc8 19. Rb1 c6 
20. dxc6 Rxc6 21. Bxf5 Qxf5 22. Qd3 Qc8 23. Qe4 Qe6 24. Qxe6 fxe6 25. Nd3 Rc3 
26. Nf4 Kf7 27. Rfe1 Nc4 28. d5 e5 29. Ne6 Nxe3 30. Rxe3 Rxe3 31. fxe3 Ra7 
32. Rb2 e4 33. Kf2 Kf6 34. Kg3 Ke5 35. Nxg7 Kxd5 36. Kf4 Bf6 37. Rd2+ Kc4 
38. Nh5 Bc3 39. Rxd6 Rxa2 40. Kxe4 Rxg2 41. Rd7 Rg5 42. Rc7+ Rc5 43. Rxc5+ Kxc5 
44. Nf4 Kc4 45. Nd5 b5 46. Nb6+ Kc5 47. Nd5 Ba5 48. Ke5 Kc4 49. e4 Kd3 
50. Kf4 Kd4 51. Kf3 Bd2 52. Ne7 Bc1 53. Nd5 Bg5 54. Nb4 Bh6 55. Nd5 Bf8 
56. Ne3 Bd6 57. Nd5 Kd3 58. Kg4 
1/2-1/2

[Event "34th Chess Olympiad (women)"]
[Site "Istanbul"]
[Date "2000.10.30"]
[Round "3.8.3"]
[White "Ungure, Liga"]
[Black "Grabics, Monika"]
[WhiteElo "2119"]
[BlackElo "2363"]
[WhiteCountry "LAT"]
[BlackCountry "HUN"]
[Result "0-1"]

1. e4 c5 2. Nf3 Nc6 3. d4 cxd4 4. Nxd4 Nf6 5. Nc3 d6 6. Bg5 e6 7. Qd2 a6 
8. O-O-O h6 9. Be3 Bd7 10. f3 Qc7 11. Kb1 Na5 12. g4 b5 13. Bd3 b4 14. Nce2 e5 
15. Nb3 Nc4 16. Bxc4 Qxc4 17. h4 Be6 18. g5 hxg5 19. hxg5 Rxh1 20. Rxh1 Nd7 
21. Rd1 a5 22. Qd3 Qc6 23. Nd2 a4 24. c4 Rc8 25. Rc1 Be7 26. f4 exf4 
27. Bxf4 Ne5 28. Qc2 Nxc4 29. Nxc4 Bxc4 30. Ka1 b3 31. Qd2 Qxe4 32. Ng3 Qg6 
33. Qb4 bxa2 34. Re1 Be6 35. Qxa4+ Kf8 36. Ne4 Kg8 37. Qa7 Qf5 38. Qf2 d5 
39. Ng3 Qd3 40. Rh1 Rc2 41. Qa7 Bxg5 42. Bxg5 Qxg3 43. Rg1 Qe5 44. Qa3 Qh2 
45. Qe3 Rg2 46. Re1 Rxb2 
0-1

[Event "34th Chess Olympiad (women)"]
[Site "Istanbul"]
[Date "2000.10.30"]
[Round "3.9.2"]
[White "Mira, Helene"]
[Black "Lagvilava, Genrieta"]
[WhiteElo "2118"]
[BlackElo "2318"]
[WhiteCountry "AUT"]
[BlackCountry "BLR"]
[Result "1/2-1/2"]

1. d4 f5 2. g3 Nf6 3. Bg2 d6 4. Nf3 g6 5. c3 Bg7 6. Qb3 d5 7. Ne5 O-O 8. Nd2 e6
9. Ndf3 c5 10. Bg5 Qb6 11. e3 Qxb3 12. axb3 Na6 13. Bf1 cxd4 14. exd4 Nc7 15.
Bf4 Nce8 16. Be2 Ne4 17. h4 N8f6 18. Ng5 Nxg5 19. hxg5 Nd7 20. Nd3 b6 21. Bd6
Re8 22. f4 Bb7 23. b4 a6 24. Kd2 Rec8 25. b5 a5 26. Ne5 Nxe5 27. fxe5 Bf8 28.
Bxf8 Rxf8 29. Ke3 Rac8 30. Ra4 1/2-1/2

[Event "34th Chess Olympiad (women)"]
[Site "Istanbul"]
[Date "2000.10.30"]
[Round "3.9.3"]
[White "Popova, Natalija"]
[Black "Sommer, Sonja"]
[WhiteElo "2297"]
[BlackElo "2054"]
[WhiteCountry "BLR"]
[BlackCountry "AUT"]
[Result "1-0"]

1. e4 e5 2. Nf3 Nc6 3. Bb5 a6 4. Ba4 Nf6 5. d3 d6 6. c3 Be7 7. O-O O-O 8. Re1
b5 9. Bc2 d5 10. Nbd2 dxe4 11. dxe4 Re8 12. Qe2 Bb7 13. b4 Bf8 14. Nb3 Nd7 15.
Be3 Rb8 16. Red1 Qc8 17. a4 bxa4 18. Rxa4 Nb6 19. Raa1 Qe6 20. Bc5 Nd7 21. Bxf8
Rxf8 22. Rab1 Na7 23. Na5 Bc8 24. Bb3 Qe7 25. Bc4 Rb6 26. Qe3 Kh8 27. Rd5 f6
28. Rbd1 Nc6 29. Nb3 f5 30. exf5 Rxf5 31. Qd2 Ncb8 32. Nc5 Rd6 33. Rxd6 cxd6
34. Qxd6 Qe8 35. Qe6 Qxe6 36. Bxe6 1-0

[Event "34th Chess Olympiad (women)"]
[Site "Istanbul"]
[Date "2000.10.30"]
[Round "3.10.1"]
[White "Khegai, Angela"]
[Black "Mkrtchian, Lilit"]
[WhiteElo "2234"]
[BlackElo "2312"]
[WhiteCountry "UZB"]
[BlackCountry "ARM"]
[Result "1/2-1/2"]

1. d4 d5 2. c4 e6 3. Nf3 Nf6 4. g3 Bb4+ 5. Bd2 Be7 6. Bg2 O-O 7. O-O c6 
8. b3 b6 9. Nc3 Ba6 10. Bf4 Nbd7 11. Qd3 Rc8 12. e4 c5 13. ed5 ed5 14. Nb5 dc4 
15. bc4 cd4 16. Nfd4 Nc5 17. Qe2 Bb5 18. Nb5 Qd7 19. Rfd1 Qe6 20. Qf1 Nce4 
21. Bh3 Qc4 22. Bc8 Qc8 23. Nd6 Bd6 24. Bd6 Nd6 25. Rd6 Ne4 26. Rd4 Ng5 
27. Qd3 Qc6 28. Rd5 Qf6 29. Rf1 h6 30. h4 Ne6 31. Qf5 Qb2 32. a4 Qb3 33. a5 ba5 
34. Ra5 Nd4 35. Qd5 Qb6 36. Ra4 Rd8 37. Qe4 Qf6 38. Ra7 Nf3+ 39. Kg2 Nd2 
40. Qe7 Qe7 41. Re7 Nf1 42. Rxd7 Nxf1 43. Re7 
1/2-1/2

[Event "34th Chess Olympiad (women)"]
[Site "Istanbul"]
[Date "2000.10.30"]
[Round "3.10.2"]
[White "Hlgatian, Goar"]
[Black "Khamrakulova, Iroda"]
[WhiteElo "2209"]
[BlackElo "2177"]
[WhiteCountry "ARM"]
[BlackCountry "UZB"]
[Result "1/2-1/2"]

1. e4 c5 2. Nf3 d6 3. d4 cxd4 4. Nxd4 Nf6 5. Nc3 g6 6. Be2 Bg7 7. O-O O-O 
8. Be3 Nc6 9. Nb3 Bd7 10. f3 Rc8 11. Nd5 Ne8 12. c3 e6 13. Nf4 Ne5 14. Qd2 Qc7 
15. Kh1 b5 16. Nh3 Nc4 17. Bxc4 bxc4 18. Nc1 Rb8 19. Ne2 Qb7 20. Rab1 f5 
21. Nf2 Bc6 22. Nd4 fxe4 23. fxe4 Bxe4 24. Nxe4 Rxf1+ 25. Rxf1 Qxe4 26. Qf2 Rb7 
27. Nf3 Nf6 28. Bxa7 Ng4 29. Qg1 Rxb2 30. h3 Nf6 31. Re1 Re2 32. Rxe2 Qxe2 
33. Qb6 Bf8 34. Qd8 Qxa2 35. Qxf6 Qxa7 36. Qxe6+ Qf7 37. Qg4 Bg7 38. Qc8+ Bf8 
39. Qg4 Bg7 40. Qc8+ Bf8 
1/2-1/2

[Event "34th Chess Olympiad (women)"]
[Site "Istanbul"]
[Date "2000.10.30"]
[Round "3.11.1"]
[White "Vijayalakshmi, Subbaraman"]
[Black "Mongontuul, Bathuyang"]
[WhiteElo "2378"]
[BlackElo "2110"]
[WhiteCountry "IND"]
[BlackCountry "MGL"]
[Result "1-0"]

1. c4 Nf6 2. Nc3 g6 3. g3 Bg7 4. Bg2 d6 5. d3 O-O 6. Rb1 c5 7. Nf3 Nc6 
8. O-O a6 9. a3 Rb8 10. b4 Nd7 11. Ne4 cxb4 12. axb4 b5 13. c5 d5 14. Neg5 h6 
15. Nh3 g5 16. Ne1 a5 17. Nc2 Nxb4 18. Nxb4 axb4 19. d4 Qc7 20. f4 Nxc5 
21. dxc5 Qxc5+ 22. Kh1 Bf5 23. e4 dxe4 24. fxg5 Qc8 25. gxh6 Bf6 26. h7+ Kh8 
27. Nf4 e3 28. Rxb4 Qc5 29. Nd5 Rfd8 30. Rxf5 Qxb4 31. Qf1 Qb1 32. Bxe3 Qxf1+ 
33. Rxf1 b4 34. Be4 b3 35. Nxf6 exf6 36. Bc5 Rd7 37. Bf5 b2 38. Bxd7 b1Q 
39. Rxb1 Rxb1+ 40. Kg2 Rb2+ 41. Kf3 Kxh7 42. Bf5+ Kg7 43. Bf2 Rb3+ 44. Be3 Rb4 
45. h4 Ra4 46. h5 Ra5 47. g4 Ra4 48. h6+ Kh8 49. Bc5 Rc4 50. Be7 Rc6 
51. Ke4 Ra6 52. Kd5 Ra5+ 53. Kc4 Rxf5 54. gxf5 Kh7 55. Bf8 Kg8 56. Bg7 Kh7 
57. Kd5 Kg8 58. Kd6 Kh7 59. Ke7 Kg8 60. Bf8 Kh8 61. Kxf7 Kh7 62. Kxf6 Kg8 
63. Bc5 Kh7 64. Kg5 Kg8 65. Kg6 Kh8 66. Bd6 Kg8 67. h7+ Kh8 68. Be5# 
1-0

[Event "34th Chess Olympiad (women)"]
[Site "Istanbul"]
[Date "2000.10.30"]
[Round "3.11.2"]
[White "Anhchimeg, Bayanmonh"]
[Black "Dhar-Barua, Saheli"]
[WhiteElo "2139"]
[BlackElo "2212"]
[WhiteCountry "MGL"]
[BlackCountry "IND"]
[Result "1/2-1/2"]

1. e4 e6 2. d4 d5 3. Nd2 Nf6 4. e5 Nfd7 5. Bd3 c5 6. c3 Nc6 7. Ne2 cxd4 
8. cxd4 f6 9. exf6 Nxf6 10. O-O Bd6 11. Nf3 Qc7 12. Bg5 O-O 13. Bh4 e5 
14. dxe5 Nxe5 15. Nxe5 Bxe5 16. Bg3 Bxg3 17. hxg3 Qb6 18. Qb3 Qxb3 19. axb3 Bd7 
20. b4 a6 21. Nc3 Rad8 22. Na4 Rfe8 23. Nc5 Bc6 24. Rac1 Rd6 25. Rfe1 Ne4 
26. g4 h6 27. f3 Nxc5 
1/2-1/2

[Event "34th Chess Olympiad (women)"]
[Site "Istanbul"]
[Date "2000.10.30"]
[Round "3.11.3"]
[White "Shah, Pallavi G"]
[Black "Otgonjargal, Sengeravdan"]
[WhiteElo "2137"]
[BlackElo "2000"]
[WhiteCountry "IND"]
[BlackCountry "MGL"]
[Result "1-0"]

1. e4 e5 2. Bc4 Nf6 3. d3 Nc6 4. Nc3 Be7 5. f4 d6 6. Nf3 Ng4 7. f5 Na5 
8. Ng5 Nxc4 9. Qxg4 Nb6 10. O-O Bf6 11. Qh5 g6 12. Qh6 Bxg5 13. Bxg5 Qd7 
14. Qg7 Rf8 15. Bh6 Qe7 16. f6 Qe6 17. Qxf8+ Kd7 18. Nd5 Nxd5 19. exd5 Qxd5 
20. c4 Qe6 21. d4 b6 22. dxe5 dxe5 23. Rad1+ Kc6 24. Rd8 Kb7 25. b3 a5 
26. c5 Qc6 27. Be3 Qe4 28. Bf2 b5 29. Qxf7 Bh3 30. Qd5+ 
1-0

[Event "34th Chess Olympiad (women)"]
[Site "Istanbul"]
[Date "2000.10.30"]
[Round "3.12.1"]
[White "Socko, Monika"]
[Black "Vovk, Oksana"]
[WhiteElo "2403"]
[BlackElo "2093"]
[WhiteCountry "POL"]
[BlackCountry "DEN"]
[Result "1/2-1/2"]

1. Nf3 Nf6 2. g3 d5 3. Bg2 Bf5 4. d3 Nbd7 5. Nh4 Bg6 6. Nxg6 hxg6 7. O-O e6 
8. c4 c6 9. cxd5 cxd5 10. Nc3 Rc8 11. d4 Bb4 12. Qa4 Qa5 13. Qxa5 Bxa5 
14. Nb5 Rc2 15. b3 Bb4 16. e3 a6 17. Na3 Rc8 18. Bb2 Nb6 19. Rac1 Kd7 
20. Rxc8 Rxc8 21. Rc1 Ne4 22. Rxc8 Kxc8 23. Nb1 Kd7 24. f3 Nf6 25. Kf1 Nc8 
26. Ke2 Nd6 27. Nc3 Kc6 28. Nd1 Nb5 29. e4 Ba3 30. Ba1 Bb4 31. Kd3 Nc7 
32. Ne3 Kb5 33. Bb2 Kc6 34. Bc1 b6 35. Nc2 Be7 36. h3 Nh5 37. g4 Nf6 
38. Bd2 Kd7 39. e5 Nh7 40. f4 Nf8 41. Bf1 Kc6 42. Ke3 Nd7 43. Bd3 Nb8 
44. Be1 Kd7 45. h4 Nc6 46. Kf3 Ke8 47. Kg3 Kf8 48. Bc3 Ke8 49. Bd2 Kd8 
50. a3 Ke8 51. Bc3 Kd8 52. b4 Ke8 53. h5 gxh5 54. gxh5 f5 55. Bb2 Kd7 
56. Ne3 Nb5 57. Nc2 Nc7 58. Kf3 Ke8 59. Ke3 Bh4 60. Be2 Kd7 61. Bc3 Nb5 
62. Bd2 Ke8 63. Bf1 Kd7 64. Bh3 Ke8 65. a4 Nc7 66. Kd3 Kd7 67. Kc3 Be7 
68. Kb3 Bh4 69. Bf1 Bf2 70. Kc3 Bh4 71. Bd3 Be7 72. Kb3 Na7 73. Be1 Kd8 
74. Ne3 Nc6 75. Bc3 Bh4 76. Bxf5 Bf2 77. Ng4 Bxd4 78. Bd3 Bxc3 79. Kxc3 d4+ 
80. Kc4 Nd5 81. f5 exf5 82. Kxd5 fxg4 83. Bf1 g3 84. Ke4 Nxe5 85. Kxd4 Nf3+ 
86. Ke3 Ne1 87. Bxa6 Nc2+ 88. Kf3 Nxb4 89. Bb5 Nd5 90. Ke4 
1/2-1/2